Science Quiz

Random Science or Numbers Quiz

1-25 Descending Number Expressions Quiz Stats

 Plays Quiz Updated Jul 30, 2018

Challenge
Share
Tweet
Embed
Score 0/25 Timer 08:00
4 Plays Today
% Correct
1
88.1%
10
87.7%
4
87.5%
9
87.3%
2
87.1%
3
87.1%
15
86.2%
18
86.1%
5
86%
22
85.2%
24
84.7%
23
84.4%
6
84.3%
% Correct
21
83.7%
11
83.5%
20
83.5%
16
83.4%
25
82.6%
7
80.7%
14
79.5%
8
78.6%
13
78%
17
77.6%
12
73.5%
19
60.7%

You're not logged in!

Compare scores with friends on all Sporcle quizzes.
OR
Log In

You Might Also Like...

Show Comments

Extras

Top Quizzes Today


Score Distribution

Your Account Isn't Verified!

In order to create a playlist on Sporcle, you need to verify the email address you used during registration. Go to your Sporcle Settings to finish the process.

Report this User

Report this user for behavior that violates our Community Guidelines.

Details: